[Event "SLO-chT 32nd"]
[Site "Ljubljana"]
[Date "2022.09.09"]
[Round "4.4"]
[White "Ribli, Zoltan"]
[Black "Stajner, Samo"]
[Result "0-1"]
[WhiteElo "2526"]
[BlackElo "2364"]
[PlyCount "64"]
[EventDate "2022.09.02"]
[EventType "team-tourn"]
[EventRounds "9"]
[EventCountry "SLO"]
[SourceTitle "EXT 2023"]
[Source "ChessBase"]
[SourceDate "2022.10.05"]
[SourceVersion "1"]
[SourceVersionDate "2022.10.05"]
[SourceQuality "1"]
[WhiteTeam "Murska Sobota Pomgrad"]
[BlackTeam "Krsko Triglav"]
[WhiteTeamCountry "SLO"]
[BlackTeamCountry "SLO"]

1. Nf3 b6 2. g3 Bb7 3. Bg2 e6 4. c4 f5 5. b3 Nf6 6. Bb2 Be7 7. 0-0 0-0 8. d4 d5 9. Nc3 Ne4 10. Qc2 Nd7 11. Rfd1 Rc8 12. Rac1 c6 13. e3 g5 14. Ne2 Rf6 15. Ne5 Rh6 16. f3 Nef6 17. h3 g4 18. hxg4 fxg4 19. Nf4 gxf3 20. Nxe6 Qe8 21. Bxf3 Nxe5 22. dxe5 Ne4 23. Nf4 Bc5 24. Bd4 Ng5 25. Bg2 Qd7 26. Bxc5 bxc5 27. cxd5 Qg4 28. d6 Qxg3 29. Qe2 Ba6 30. Rc4 Bxc4 31. bxc4 Rf8 32. d7 Nh3+ 0-1

[Event "SLO-chT 32nd"]
[Site "Ljubljana"]
[Date "2022.09.02"]
[Round "1.1"]
[White "Stajner, Samo"]
[Black "Saric, Ivan"]
[Result "0-1"]
[WhiteElo "2364"]
[BlackElo "2668"]
[PlyCount "88"]
[EventDate "2022.09.02"]
[EventType "team-tourn"]
[EventRounds "9"]
[EventCountry "SLO"]
[SourceTitle "EXT 2023"]
[Source "ChessBase"]
[SourceDate "2022.10.05"]
[SourceVersion "1"]
[SourceVersionDate "2022.10.05"]
[SourceQuality "1"]
[WhiteTeam "Krsko Triglav"]
[BlackTeam "Ljubljana Tajfun"]
[WhiteTeamCountry "SLO"]
[BlackTeamCountry "SVK"]

1. e4 c5 2. Nf3 d6 3. d4 cxd4 4. Nxd4 Nf6 5. Nc3 Nc6 6. Bc4 e6 7. Be3 a6 8. a3 Qc7 9. Ba2 b5 10. 0-0 Be7 11. f3 0-0 12. Qe1 Rb8 13. Rd1 Nxd4 14. Rxd4 a5 15. b4 e5 16. Rd3 axb4 17. axb4 Be6 18. Qd2 Bc4 19. Bxc4 bxc4 20. Nd5 Nxd5 21. Rxd5 c3 22. Qd3 Rxb4 23. Ra1 Rc8 24. Ra7 Rb1+ 25. Kf2 Qd8 26. g3 Bf8 27. Rb5 Rxb5 28. Qxb5 Qf6 29. Qd5 Qe6 30. Ke2 Qxd5 31. exd5 Rb8 32. Kd3 Rb1 33. Kxc3 Rh1 34. Ra8 Rxh2 35. Bb6 f5 36. Bc7 Kf7 37. Ra7 Kf6 38. Bd8+ Kg6 39. Bh4 f4 40. Ra8 Kf7 41. Ra7+ Kg8 42. Ra8 g5 43. Bxg5 fxg3 44. Be7 g2 0-1

[Event "SLO-chT NML 31st"]
[Site "Ptuj/Grosuplje"]
[Date "2021.10.24"]
[Round "9.3"]
[White "Stajner, Samo"]
[Black "Bosiocic, Marin"]
[Result "1-0"]
[WhiteElo "2354"]
[BlackElo "2573"]
[PlyCount "123"]
[EventDate "2021.10.08"]
[EventType "team-tourn"]
[EventRounds "9"]
[EventCountry "SLO"]
[SourceTitle "EXT 2023"]
[Source "ChessBase"]
[SourceDate "2022.10.05"]
[SourceVersion "1"]
[SourceVersionDate "2022.10.05"]
[SourceQuality "1"]
[WhiteTeam "Krsko Triglav"]
[BlackTeam "Novo Mesto Krka"]
[WhiteTeamCountry "SLO"]
[BlackTeamCountry "SLO"]

1. e4 c5 2. Nf3 e6 3. d3 Nc6 4. g3 d5 5. Nbd2 Bd6 6. Bg2 Nge7 7. 0-0 0-0 8. Re1 f6 9. exd5 exd5 10. d4 c4 11. Nf1 Bg4 12. c3 Qc7 13. Qc2 Bf5 14. Qd1 Kh8 15. Nh4 Bd3 16. Ne3 g5 17. Nf3 Be4 18. Nxg5 fxg5 19. Bxe4 dxe4 20. Nxc4 b5 21. Nxd6 Qxd6 22. Rxe4 Qd5 23. Qe2 Ng6 24. b3 Kg8 25. Bb2 Na5 26. Re1 Rac8 27. Qg4 Rc7 28. Ba3 Rf5 29. Re8+ Kg7 30. Rd8 Qf3 31. Qxf3 Rxf3 32. Bb2 Rd3 33. Re2 Kh6 34. Rd5 a6 35. Kg2 Rd1 36. Rc2 g4 37. c4 Re7 38. Bc1+ Kg7 39. Bd2 Nc6 40. Rd6 Nb8 41. c5 Rc7 42. Ba5 Rc8 43. c6 Rxc6 44. Rdxc6 Nxc6 45. Rxc6 Ra1 46. Rc2 Kf7 47. Bc3 Rd1 48. Rd2 Rc1 49. Bb2 Rb1 50. d5 Ke7 51. f4 gxf3+ 52. Kxf3 Kd6 53. Ba3+ Kd7 54. Ke4 a5 55. Bc5 Rc1 56. Be3 Re1 57. Rf2 a4 58. bxa4 bxa4 59. Rf7+ Ne7 60. Rxh7 a3 61. Kd3 Kd6 62. Bd2 1-0

[Event "SLO-chT NML 31st"]
[Site "Ptuj/Grosuplje"]
[Date "2021.10.16"]
[Round "5.5"]
[White "Stajner, Samo"]
[Black "Kantor, Gergely"]
[Result "0-1"]
[WhiteElo "2354"]
[BlackElo "2558"]
[PlyCount "82"]
[EventDate "2021.10.08"]
[EventType "team-tourn"]
[EventRounds "9"]
[EventCountry "SLO"]
[SourceTitle "EXT 2023"]
[Source "ChessBase"]
[SourceDate "2022.10.05"]
[SourceVersion "1"]
[SourceVersionDate "2022.10.05"]
[SourceQuality "1"]
[WhiteTeam "Krsko Triglav"]
[BlackTeam "Pomgrad"]
[WhiteTeamCountry "SLO"]
[BlackTeamCountry "SLO"]

1. e4 e5 2. Nc3 Nf6 3. f4 d5 4. fxe5 Nxe4 5. Nf3 Nc6 6. Bb5 Be7 7. 0-0 0-0 8. Qe2 Bf5 9. d3 Nxc3 10. bxc3 Na5 11. Nd4 Bg6 12. Nf5 Bxf5 13. Rxf5 a6 14. Ba4 c5 15. e6 b5 16. exf7+ Rxf7 17. Qe6 Qe8 18. Qxd5 Bf6 19. Bg5 Rd8 20. Qxc5 Bxg5 21. Rxg5 Nb7 22. Bxb5 Qe2 23. Re5 Qxc2 24. Qe3 axb5 25. Re8+ Rxe8 26. Qxe8+ Rf8 27. Qe6+ Kh8 28. Rf1 Rxf1+ 29. Kxf1 Qxd3+ 30. Qe2 Nc5 31. Qxd3 Nxd3 32. Ke2 Nc1+ 33. Kd2 Nxa2 34. Kc2 b4 35. c4 Kg8 36. Kb3 Nc1+ 37. Kxb4 Kf7 38. Kc5 Ke6 39. Kd4 Nb3+ 40. Ke4 Nc5+ 41. Kf4 Kf6 0-1

[Event "SLO-chT 30th"]
[Site "Gostovanja"]
[Date "2020.10.10"]
[Round "4.3"]
[White "Trbojevic, Mladen"]
[Black "Stajner, Samo"]
[Result "1-0"]
[WhiteElo "2369"]
[BlackElo "2349"]
[PlyCount "67"]
[EventDate "2020.10.02"]
[EventType "team-tourn"]
[EventRounds "5"]
[EventCountry "SLO"]
[SourceTitle "CBM 198 Extra"]
[Source "ChessBase"]
[SourceDate "2020.11.30"]
[SourceVersion "1"]
[SourceVersionDate "2020.11.30"]
[SourceQuality "1"]
[WhiteTeam "Maribor Branik"]
[BlackTeam "Krsko Triglav"]
[WhiteTeamCountry "SLO"]
[BlackTeamCountry "SLO"]

1. d4 f5 2. Nf3 e6 3. Bf4 Nf6 4. e3 b6 5. Bd3 Bb7 6. Nbd2 Nc6 7. c4 Ne7 8. Qe2 Ng6 9. Bg3 Nh5 10. d5 Be7 11. Nd4 Nxg3 12. hxg3 Ne5 13. Bc2 c5 14. N4f3 Bf6 15. 0-0-0 Qc7 16. dxe6 dxe6 17. Nxe5 Bxe5 18. f4 Bf6 19. Nf3 Bxf3 20. Qxf3 0-0 21. e4 g6 22. e5 Be7 23. g4 Rad8 24. gxf5 Rxd1+ 25. Qxd1 exf5 26. g4 Rd8 27. Qg1 fxg4 28. Qh2 Bf8 29. Bxg6 Rd7 30. Be4 Rg7 31. Qg3 Qd7 32. f5 Qd4 33. Bd5+ Kh8 34. Rd1 1-0

[Event "SLO-chT 28th"]
[Site "Slovenia"]
[Date "2018.12.14"]
[Round "7.2"]
[White "Sebenik, Matej"]
[Black "Stajner, Samo"]
[Result "1-0"]
[WhiteElo "2538"]
[BlackElo "2392"]
[PlyCount "87"]
[EventDate "2018.11.02"]
[EventType "team-tourn"]
[EventRounds "9"]
[EventCountry "SLO"]
[SourceTitle "CBM 187 Extra"]
[Source "ChessBase"]
[SourceDate "2018.11.04"]
[SourceVersion "1"]
[SourceVersionDate "2018.11.04"]
[SourceQuality "1"]
[WhiteTeam "Ljubljana"]
[BlackTeam "Krsko Triglav"]
[WhiteTeamCountry "SLO"]
[BlackTeamCountry "SLO"]

1. Nf3 f5 2. c4 Nf6 3. g3 e6 4. Bg2 d5 5. 0-0 Bd6 6. d3 0-0 7. Nc3 Nc6 8. cxd5 exd5 9. Qb3 Kh8 10. Bg5 d4 11. Nb5 Bc5 12. Rac1 Bb6 13. Na3 Qe7 14. Nc4 Be6 15. Qc2 Nb4 16. Qd2 c5 17. a3 Nbd5 18. e3 dxe3 19. fxe3 h6 20. Nh4 Kh7 21. Nxf5 Qd7 22. Bxf6 Nxf6 23. Nfd6 Bxc4 24. dxc4 Bc7 25. Qc2+ Kh8 26. Nf5 Ng4 27. Rcd1 Qe8 28. Qe2 Qg6 29. Nh4 Qg5 30. Be4 Rxf1+ 31. Rxf1 Nxe3 32. Rf7 Bxg3 33. hxg3 Qxg3+ 34. Ng2 Ng4 35. Qf3 Qxf3 36. Rxf3 Nf6 37. Bg6 Rd8 38. Ne3 Rd4 39. Kf1 Kg8 40. Ke2 b6 41. b3 h5 42. Nd5 h4 43. Nxf6+ gxf6 44. Bd3 1-0

[Event "SLO-chT 27th"]
[Site "Slovenia"]
[Date "2017.12.09"]
[Round "8.1"]
[White "Stajner, Samo"]
[Black "Markus, Robert"]
[Result "0-1"]
[WhiteElo "2417"]
[BlackElo "2650"]
[PlyCount "78"]
[EventDate "2017.09.29"]
[EventType "team-tourn"]
[EventRounds "9"]
[EventCountry "SLO"]
[SourceTitle "EXT 2019"]
[Source "ChessBase"]
[SourceDate "2018.10.10"]
[SourceVersion "1"]
[SourceVersionDate "2018.10.10"]
[SourceQuality "1"]
[WhiteTeam "Krsko Triglav"]
[BlackTeam "Ljubljana Duol"]
[WhiteTeamCountry "SLO"]
[BlackTeamCountry "SLO"]

1. b3 e5 2. Bb2 d6 3. g3 f5 4. Bg2 Nf6 5. d4 e4 6. d5 Be7 7. e3 0-0 8. Ne2 Nbd7 9. Nf4 Ne5 10. h4 Nfg4 11. Nd2 Bf6 12. Bd4 c5 13. dxc6 bxc6 14. Nh5 c5 15. Nxf6+ Qxf6 16. Bb2 Ba6 17. Bf1 Bxf1 18. Kxf1 d5 19. Qe2 Qc6 20. Kg2 d4 21. Nc4 Nf3 22. Rad1 Rfd8 23. Na5 Qb6 24. Nc4 Qa6 25. a4 Rac8 26. Qf1 h6 27. c3 d3 28. Rb1 Rd7 29. Qd1 Rb7 30. Ba3 Qe6 31. Rb2 g5 32. Na5 Rg7 33. h5 f4 34. Nc4 fxg3 35. fxg3 Qxc4 36. bxc4 Nxe3+ 37. Kf2 Nxd1+ 38. Rxd1 Ne5 39. Rb5 Nxc4 0-1

[Event "SLO-chT 27th"]
[Site "Slovenia"]
[Date "2017.10.22"]
[Round "6.1"]
[White "Stajner, Samo"]
[Black "Oleksienko, Mikhailo"]
[Result "0-1"]
[WhiteElo "2417"]
[BlackElo "2615"]
[PlyCount "138"]
[EventDate "2017.09.29"]
[EventType "team-tourn"]
[EventRounds "9"]
[EventCountry "SLO"]
[SourceTitle "CBM 181 Extra"]
[Source "ChessBase"]
[SourceDate "2017.12.12"]
[SourceVersion "1"]
[SourceVersionDate "2017.12.12"]
[SourceQuality "1"]
[WhiteTeam "Krsko Triglav"]
[BlackTeam "Maribor"]
[WhiteTeamCountry "SLO"]
[BlackTeamCountry "SLO"]

1. d4 Nf6 2. c4 e6 3. Nf3 b6 4. Bg5 Bb7 5. Nbd2 h6 6. Bh4 Be7 7. e3 0-0 8. Bd3 c5 9. 0-0 cxd4 10. Nxd4 d5 11. N2f3 Nbd7 12. cxd5 Nxd5 13. Bxe7 Qxe7 14. Rc1 Rac8 15. Bb1 Ba6 16. Re1 Rxc1 17. Qxc1 Rc8 18. Qd2 Qb4 19. Rc1 Qxd2 20. Rxc8+ Bxc8 21. Nxd2 Kf8 22. Nc4 Ba6 23. Nd6 Ke7 24. N6b5 Bxb5 25. Nxb5 a6 26. Nd4 Nc5 27. a3 Na4 28. e4 Nf6 29. e5 Nd5 30. b3 Nc5 31. b4 Na4 32. Nc6+ Kd7 33. Nb8+ Kc7 34. Nxa6+ Kb7 35. Bd3 Nf4 36. Bf1 Ng6 37. b5 Nxe5 38. f4 Nd7 39. Bc4 Nc3 40. Kf2 Nb1 41. a4 Nc3 42. Bb3 Ne4+ 43. Ke3 Nec5 44. Nxc5+ Nxc5 45. Bc2 Kc7 46. Kd4 Kd6 47. Kc4 f5 48. Kb4 Nb7 49. Bd1 g5 50. Bf3 Na5 51. g3 gxf4 52. gxf4 e5 53. fxe5+ Kxe5 54. Kc3 Kf4 55. Bg2 Ke3 56. h4 h5 57. Kc2 f4 58. Kd1 f3 59. Bh3 Nb3 60. Kc2 Nc5 61. a5 bxa5 62. Kc3 Na4+ 63. Kc4 Ke2 64. Kd5 f2 65. Kc6 f1Q 66. Bxf1+ Kxf1 67. Kb7 Nc3 68. Ka6 Nxb5 69. Kxb5 Kg2 0-1

[Event "SLO-chT 27th"]
[Site "Slovenia"]
[Date "2017.09.30"]
[Round "2.1"]
[White "Stajner, Samo"]
[Black "Drnovsek, Gal"]
[Result "0-1"]
[WhiteElo "2417"]
[BlackElo "2421"]
[PlyCount "92"]
[EventDate "2017.09.29"]
[EventType "team-tourn"]
[EventRounds "9"]
[EventCountry "SLO"]
[SourceTitle "EXT 2018"]
[Source "ChessBase"]
[SourceDate "2017.10.13"]
[SourceVersion "1"]
[SourceVersionDate "2017.10.13"]
[SourceQuality "1"]
[WhiteTeam "Krsko Triglav"]
[BlackTeam "Prevodi Dvojka"]
[WhiteTeamCountry "SLO"]
[BlackTeamCountry "SLO"]

1. e4 c5 2. Nf3 d6 3. d4 Nf6 4. Nc3 cxd4 5. Nxd4 a6 6. h3 e6 7. g4 Be7 8. g5 Nfd7 9. h4 Nc6 10. Be3 Qc7 11. h5 Nce5 12. f4 Nc4 13. Bxc4 Qxc4 14. Qd3 b5 15. Qxc4 bxc4 16. Nc6 f6 17. 0-0-0 fxg5 18. h6 g6 19. Nxe7 Kxe7 20. f5 gxf5 21. exf5 Rg8 22. fxe6 Kxe6 23. Rhe1 Bb7 24. Bc5+ Kf5 25. Bxd6 Rae8 26. Rf1+ Kg6 27. Bb4 Ne5 28. Rd6+ Kh5 29. Rb6 Bf3 30. Rxa6 g4 31. Ra5 Kxh6 32. Nd5 Bxd5 33. Rxd5 g3 34. Rh1+ Kg6 35. Rd2 Kf5 36. Rg2 Kf4 37. Rxh7 Rh8 38. Rxh8 Rxh8 39. Bd6 Rh1+ 40. Kd2 Rh2 41. Re2 Kf3 42. Rxh2 gxh2 43. Bxe5 h1Q 44. Bd4 Ke4 45. Kc3 Qf3+ 46. Kxc4 Qf7+ 0-1

[Event "SLO-chT"]
[Site "Slovenia"]
[Date "2016.11.13"]
[Round "6.3"]
[White "Stajner, Samo"]
[Black "Kozul, Zdenko"]
[Result "0-1"]
[WhiteElo "2404"]
[BlackElo "2619"]
[PlyCount "80"]
[EventDate "2016.10.14"]
[EventType "team-tourn"]
[EventRounds "9"]
[EventCountry "SLO"]
[SourceTitle "CBM 175 Extra"]
[Source "ChessBase"]
[SourceDate "2016.12.12"]
[SourceVersion "1"]
[SourceVersionDate "2016.12.12"]
[SourceQuality "1"]
[WhiteTeam "Krsko Triglav"]
[BlackTeam "Maribor ZSK"]
[WhiteTeamCountry "SLO"]
[BlackTeamCountry "SLO"]

1. e4 c5 2. Nf3 e6 3. d3 Nc6 4. g3 Nf6 5. Bg2 d5 6. Nbd2 Be7 7. 0-0 0-0 8. Re1 Qc7 9. e5 Nd7 10. Qe2 b5 11. Nf1 Nd4 12. Nxd4 cxd4 13. Bf4 Bb7 14. h4 Rfc8 15. Rec1 b4 16. h5 a5 17. Nh2 a4 18. Nf3 Qb6 19. b3 Rc3 20. Bd2 Rc6 21. Ne1 Rac8 22. f4 Ba6 23. Bh3 a3 24. f5 exf5 25. Bxf5 Rd8 26. Nf3 Nf8 27. Bg5 Bxg5 28. Nxg5 Re8 29. Qf3 Qc7 30. Rf1 Rxe5 31. Rae1 Rf6 32. g4 Rxe1 33. Rxe1 h6 34. Nh3 Rc6 35. Re2 Rxc2 36. Rxc2 Qxc2 37. Nf4 Qb1+ 38. Kf2 Qxa2+ 39. Kg3 Qd2 40. Bg6 Qe3 0-1

[Event "SLO-chT"]
[Site "Slovenia"]
[Date "2016.10.16"]
[Round "3"]
[White "Trbojevic, Mladen"]
[Black "Stajner, Samo"]
[Result "1/2-1/2"]
[WhiteElo "2405"]
[BlackElo "2404"]
[PlyCount "139"]
[EventDate "2016.10.14"]
[EventType "team-tourn"]
[EventRounds "9"]
[EventCountry "SLO"]
[SourceTitle "EXT 2017"]
[Source "ChessBase"]
[SourceDate "2016.10.25"]
[SourceVersion "1"]
[SourceVersionDate "2016.10.25"]
[SourceQuality "1"]
[WhiteTeam "Maribor Branik"]
[BlackTeam "Krsko Triglav"]
[WhiteTeamCountry "SLO"]
[BlackTeamCountry "SLO"]

1. g3 d5 2. Bg2 Nf6 3. d3 g6 4. f4 c6 5. Nf3 Bg4 6. 0-0 Qc8 7. Nc3 Bh3 8. e4 Bxg2 9. Kxg2 Na6 10. Qe2 Qd7 11. e5 Ng4 12. Ng5 Nh6 13. e6 fxe6 14. Qe5 Rg8 15. Nxe6 Nf7 16. Qe2 d4 17. Nxf8 Rxf8 18. Ne4 0-0-0 19. b3 Nh6 20. Bd2 Nf5 21. Rae1 Nc7 22. Kg1 Qd5 23. Ng5 h6 24. Ne6 Nxe6 25. Qxe6+ Qxe6 26. Rxe6 Rf6 27. Re4 h5 28. Rfe1 Rd5 29. R1e2 Kd7 30. Be1 c5 31. Bf2 b5 32. h3 e6 33. g4 hxg4 34. hxg4 Nd6 35. g5 Rf7 36. Rxe6 Rxf4 37. Rxg6 Rg4+ 38. Kf1 Rgxg5 39. Rxg5 Rxg5 40. Ke1 b4 41. Bh4 Rg1+ 42. Kf2 Rh1 43. Re7+ Kc6 44. Bg3 Nf5 45. Re6+ Kd7 46. Ra6 Nxg3 47. Kxg3 Rc1 48. Kf3 Kc7 49. Rxa7+ Kb6 50. Ra8 Rxc2 51. Ke4 Kb7 52. Ra5 Rc3 53. Ra4 Kc7 54. Ra6 Kb7 55. Rd6 Kc7 56. Rh6 Kb7 57. Kd5 Rxd3 58. Kxc5 Rd2 59. Rd6 Rxa2 60. Rxd4 Ra5+ 61. Kxb4 Rh5 62. Kc4 Kc6 63. Rg4 Rh6 64. b4 Kb6 65. Kb3 Rh1 66. Rg6+ Kb5 67. Rg5+ Kb6 68. Kc4 Rh4+ 69. Kb3 Rh1 70. Ka4 1/2-1/2

[Event "Mitropa Cup 35th"]
[Site "Prague"]
[Date "2016.06.26"]
[Round "8.2"]
[White "Stajner, Samo"]
[Black "Moroni, Luca Jr"]
[Result "0-1"]
[WhiteElo "2430"]
[BlackElo "2448"]
[PlyCount "68"]
[EventDate "2016.06.19"]
[EventType "team-tourn"]
[EventRounds "9"]
[EventCountry "CZE"]
[SourceTitle "CBM 173 Extra"]
[Source "ChessBase"]
[SourceDate "2016.08.29"]
[SourceVersion "1"]
[SourceVersionDate "2016.08.29"]
[SourceQuality "1"]
[WhiteTeam "Slovenia"]
[BlackTeam "Italy"]
[WhiteTeamCountry "SLO"]
[BlackTeamCountry "ITA"]

1. Nf3 d5 2. g3 Nf6 3. Bg2 e6 4. d4 Be7 5. 0-0 0-0 6. c4 dxc4 7. Qc2 b6 8. e4 Nc6 9. Nc3 Nb4 10. Qe2 Nd3 11. Bg5 Ba6 12. Ne5 Nxe5 13. dxe5 Nd7 14. Bf4 Nc5 15. Qg4 Kh8 16. Rfd1 Qe8 17. Bf1 b5 18. b4 Nd3 19. a3 Nxf4 20. gxf4 Bb7 21. Re1 c5 22. Re3 cxb4 23. Rg3 Rg8 24. Rh3 h6 25. axb4 Bxb4 26. Re1 Rd8 27. Bg2 Rd3 28. Ree3 Bxc3 29. Rxd3 cxd3 30. Rxd3 b4 31. Qg5 b3 32. Rh3 Kh7 33. Qg3 b2 34. Qd3 Qd8 0-1

[Event "Mitropa Cup 35th"]
[Site "Prague"]
[Date "2016.06.25"]
[Round "7.2"]
[White "Jurcik, Marian"]
[Black "Stajner, Samo"]
[Result "1-0"]
[WhiteElo "2484"]
[BlackElo "2430"]
[PlyCount "85"]
[EventDate "2016.06.19"]
[EventType "team-tourn"]
[EventRounds "9"]
[EventCountry "CZE"]
[SourceTitle "CBM 173 Extra"]
[Source "ChessBase"]
[SourceDate "2016.08.29"]
[SourceVersion "1"]
[SourceVersionDate "2016.08.29"]
[SourceQuality "1"]
[WhiteTeam "Slovakia"]
[BlackTeam "Slovenia"]
[WhiteTeamCountry "SVK"]
[BlackTeamCountry "SLO"]

1. d4 d6 2. e4 g6 3. c4 Bg7 4. Nc3 Nf6 5. f3 0-0 6. Be3 Nbd7 7. Qd2 c5 8. Nge2 a6 9. Rd1 b6 10. Nc1 Bb7 11. d5 Ne8 12. Be2 e5 13. dxe6 fxe6 14. 0-0 Ne5 15. f4 Nc6 16. Nb3 Qe7 17. Bf3 Rd8 18. g3 Nc7 19. Qg2 e5 20. Nd5 Nxd5 21. cxd5 Nb8 22. Rde1 Bc8 23. Nc1 exf4 24. gxf4 Nd7 25. Kh1 Rde8 26. Nd3 a5 27. Rg1 Kh8 28. b3 Ba6 29. Nf2 Nf6 30. Bd2 Qf7 31. Nh3 Bc8 32. Ng5 Qe7 33. e5 dxe5 34. fxe5 Nh5 35. e6 Rxf3 36. Qxf3 Bb7 37. Nf7+ Kg8 38. Bg5 Nf6 39. Re5 Bxd5 40. Rxd5 Qxe6 41. Nh6+ Bxh6 42. Bxf6 Rf8 43. Rd8 1-0

[Event "Mitropa Cup 35th"]
[Site "Prague"]
[Date "2016.06.20"]
[Round "2.3"]
[White "Lampert, Jonas"]
[Black "Stajner, Samo"]
[Result "1-0"]
[WhiteElo "2488"]
[BlackElo "2430"]
[PlyCount "61"]
[EventDate "2016.06.19"]
[EventType "team-tourn"]
[EventRounds "9"]
[EventCountry "CZE"]
[SourceTitle "CBM 173 Extra"]
[Source "ChessBase"]
[SourceDate "2016.08.29"]
[SourceVersion "1"]
[SourceVersionDate "2016.08.29"]
[SourceQuality "1"]
[WhiteTeam "Germany"]
[BlackTeam "Slovenia"]
[WhiteTeamCountry "GER"]
[BlackTeamCountry "SLO"]

1. e4 e5 2. Nf3 Nc6 3. Bb5 f5 4. Nc3 fxe4 5. Nxe4 Nf6 6. Nxf6+ Qxf6 7. Qe2 Be7 8. Bxc6 dxc6 9. Nxe5 Bf5 10. 0-0 0-0-0 11. d3 Rhe8 12. f4 g5 13. Qf2 Rd5 14. d4 g4 15. Be3 h5 16. Rad1 h4 17. c4 Rdd8 18. Qe2 Qe6 19. Qd2 g3 20. h3 Bxh3 21. gxh3 Qxh3 22. Rf3 Bb4 23. Qc2 Rf8 24. f5 Bd6 25. Rdf1 c5 26. Qg2 Qxg2+ 27. Kxg2 cxd4 28. Bxd4 Rfe8 29. Re3 Bf8 30. Ng6 Rxe3 31. Bxe3 1-0

[Event "Mitropa Cup 35th"]
[Site "Prague"]
[Date "2016.06.19"]
[Round "1.3"]
[White "Korpa, Bence"]
[Black "Stajner, Samo"]
[Result "0-1"]
[WhiteElo "2461"]
[BlackElo "2430"]
[PlyCount "86"]
[EventDate "2016.06.19"]
[EventType "team-tourn"]
[EventRounds "9"]
[EventCountry "CZE"]
[SourceTitle "CBM 173 Extra"]
[Source "ChessBase"]
[SourceDate "2016.08.29"]
[SourceVersion "1"]
[SourceVersionDate "2016.08.29"]
[SourceQuality "1"]
[WhiteTeam "Hungary"]
[BlackTeam "Slovenia"]
[WhiteTeamCountry "HUN"]
[BlackTeamCountry "SLO"]

1. c4 b6 2. e4 e6 3. g3 Bb7 4. Bg2 f5 5. d3 Nf6 6. Nc3 Bb4 7. Bd2 0-0 8. Qe2 Nc6 9. Nf3 fxe4 10. dxe4 Ng4 11. h3 Nge5 12. Nxe5 Nxe5 13. f4 Nc6 14. 0-0-0 Nd4 15. Qd3 e5 16. Kb1 Ne6 17. f5 Nc5 18. Qe2 Bxc3 19. Bxc3 Qe7 20. g4 a5 21. b3 Bc6 22. h4 Rfb8 23. g5 d6 24. Rdf1 b5 25. Kc2 b4 26. Bb2 a4 27. Rh3 Qd7 28. h5 axb3+ 29. axb3 Ra2 30. Re3 Rba8 31. f6 R8a3 32. f7+ Kf8 33. h6 g6 34. Qf3 Nxe4 35. Rxe4 Bxe4+ 36. Qxe4 Rxb3 37. Rb1 Qa4 38. Kc1 Rbxb2 39. Rxb2 Qa3 40. Qc2 Ra1+ 41. Kd2 Qg3 42. Rxb4 Qxg2+ 43. Kc3 Qg3+ 0-1

[Event "SLO-ch"]
[Site "Otocec"]
[Date "2016.04.28"]
[Round "6"]
[White "Stajner, Samo"]
[Black "Beliavsky, Alexander G"]
[Result "0-1"]
[WhiteElo "2398"]
[BlackElo "2624"]
[PlyCount "66"]
[EventDate "2016.04.23"]
[EventType "swiss"]
[EventRounds "9"]
[EventCountry "SLO"]
[SourceTitle "CBM 172 Extra"]
[Source "ChessBase"]
[SourceDate "2016.06.21"]
[SourceVersion "1"]
[SourceVersionDate "2016.06.21"]
[SourceQuality "1"]

1. e4 c5 2. Nf3 d6 3. d4 cxd4 4. Nxd4 Nf6 5. Nc3 a6 6. h3 e5 7. Nde2 h5 8. g3 Be6 9. Bg2 Nbd7 10. Bg5 Be7 11. Qd2 Rc8 12. Rd1 0-0 13. g4 Nb6 14. b3 Rc6 15. Qd3 hxg4 16. hxg4 Nxg4 17. Bxe7 Qxe7 18. Nd5 Qg5 19. Qg3 Bxd5 20. exd5 Rxc2 21. Be4 Rfc8 22. Bxc2 Rxc2 23. Rg1 f5 24. f3 Qe3 25. Rg2 Rxa2 26. Kf1 Qxb3 27. Ke1 Qb4+ 28. Kf1 Ne3+ 29. Kf2 Nxg2 30. Qg6 Rxe2+ 31. Kf1 Qb5 32. Qe6+ Kh8 33. Qxf5 Ne3+ 0-1

[Event "SLO-ch"]
[Site "Otocec"]
[Date "2016.04.27"]
[Round "5"]
[White "Janzelj, Tim"]
[Black "Stajner, Samo"]
[Result "0-1"]
[WhiteElo "2325"]
[BlackElo "2398"]
[PlyCount "64"]
[EventDate "2016.04.23"]
[EventType "swiss"]
[EventRounds "9"]
[EventCountry "SLO"]
[SourceTitle "CBM 172 Extra"]
[Source "ChessBase"]
[SourceDate "2016.06.21"]
[SourceVersion "1"]
[SourceVersionDate "2016.06.21"]
[SourceQuality "1"]

1. e4 g6 2. d4 Bg7 3. c4 d6 4. Nc3 Nf6 5. Bd3 0-0 6. Nge2 c5 7. d5 e6 8. 0-0 exd5 9. cxd5 Re8 10. Ng3 a6 11. a4 Ng4 12. h3 Ne5 13. f4 Nxd3 14. Qxd3 Nd7 15. Bd2 Rb8 16. Rae1 b5 17. axb5 axb5 18. b3 Ba6 19. Ra1 Ra8 20. Kh2 Qc8 21. e5 b4 22. Rxa6 Qxa6 23. Qxa6 Rxa6 24. Nb5 dxe5 25. Nc7 Ra2 26. Nxe8 Rxd2 27. Ne4 Rd4 28. Ng5 exf4 29. d6 Rd3 30. Re1 Re3 31. Rxe3 fxe3 32. Kg3 c4 0-1

[Event "SLO-chT 25th"]
[Site "Otocec"]
[Date "2015.10.16"]
[Round "1.2"]
[White "Stajner, Samo"]
[Black "Zorko, Jure"]
[Result "0-1"]
[WhiteElo "2344"]
[BlackElo "2449"]
[PlyCount "104"]
[EventDate "2015.10.16"]
[EventType "team-tourn"]
[EventRounds "9"]
[EventCountry "SLO"]
[SourceTitle "EXT 2020"]
[Source "ChessBase"]
[SourceDate "2019.10.17"]
[SourceVersion "1"]
[SourceVersionDate "2019.10.17"]
[SourceQuality "1"]
[WhiteTeam "Krsko Triglav"]
[BlackTeam "Novo Mesto Krka"]
[WhiteTeamCountry "SLO"]
[BlackTeamCountry "SLO"]

1. d4 Nf6 2. c4 e6 3. g3 d5 4. Nf3 Be7 5. Bg2 0-0 6. 0-0 c6 7. Qc2 b6 8. b3 Nbd7 9. Rd1 Bb7 10. a4 c5 11. Na3 Rc8 12. Bb2 Qc7 13. Rac1 Qb8 14. Ne5 cxd4 15. Nxd7 Nxd7 16. Rxd4 Nf6 17. e3 h6 18. Qd1 a6 19. cxd5 Rxc1 20. Qxc1 Bxd5 21. Bxd5 Nxd5 22. Rg4 Nf6 23. Rc4 Rd8 24. Nb1 b5 25. Rd4 Rc8 26. Qd1 e5 27. Rd2 bxa4 28. bxa4 Ne4 29. Rc2 Rd8 30. Qg4 Qb7 31. Qf3 Qd5 32. Kg2 Qd3 33. Qe2 Qxe2 34. Rxe2 f6 35. Rc2 Kf7 36. Kf3 Nc5 37. Ba3 Ne6 38. Bxe7 Kxe7 39. Ke2 Kd7 40. Kd3 Rb8 41. Nd2 Rb4 42. Rc4 Rxa4 43. Rxa4 Nc5+ 44. Kc4 Nxa4 45. Kb4 Nb2 46. f4 Kc6 47. e4 exf4 48. gxf4 Nd3+ 49. Ka5 Nxf4 50. Kxa6 Nd3 51. Ka5 Kc5 52. Nf3 g5 0-1